[Event "Biel GM"]
[Site "Biel"]
[Date "2006.07.27"]
[Round "4"]
[White "Bruzon Batista, Lazaro"]
[Black "Carlsen, Magnus"]
[Result "1/2-1/2"]
[WhiteElo "2667"]
[BlackElo "2675"]
[Annotator "Marin,Mihail"]
[PlyCount "98"]
[EventDate "2006.07.24"]
[EventType "tourn"]
[EventRounds "10"]
[EventCountry "SUI"]
[EventCategory "17"]
[SourceTitle "CBM 114"]
[Source "ChessBase"]
[SourceDate "2006.10.02"]
[SourceVersion "1"]
[SourceVersionDate "2006.10.02"]
[SourceQuality "1"]

1. Nf3 Nf6 2. c4 c5 3. Nc3 Nc6 4. g3 ({According to the present stage of theory, the immediate opening of the centre with} 4. d4 cxd4 5. Nxd4 {allows Black adequate counterplay after} e6 6. g3 Qb6 {. In fact, Carlsen himself unsuccessfully tried to change this evaluation when playing with White just one round later.}) 4... g6 ({In case of} 4... d5 {White is not forced to accept playing a reversed Maroczy, but can actively fight for the supremacy in the centre with} 5. d4) 5. Bg2 Bg7 6. O-O O-O 7. d4 cxd4 8. Nxd4 Nxd4 9. Qxd4 d6 10. Qd3 {This position can arise via fianchetto King's Indian move order and, decades ago, was one of Geller's favourite weapon with Black. Compared with a genuine Maroczy, the more active placement of the white king's bishop certainly puts some pressure on the enemy queen side, but its absence from the "traditional" f1-a6 diagonal facilitates Black's counterplay based on ...a6 and ...b5.} a6 11. Bd2 {This apparently modest development of the bishop is aimed to inhibit the development of the enemy queen to the active a5-square, where from it can be easily transferred to h5 in order to put pressure on the white king side.} ({The main alternative is} 11. Be3) 11... Rb8 12. Rac1 Bf5 {Before placing the bishop on d7 in order to sustain the planned ...b5, Black forces his opponent to advance the pawn to e4, not only releasing part of his pressure against the queen side but also creating himself a potential weakness in the centre. Quite curiously, this logical continuation is not the most popular here.} ({The immediate} 12... b5 {, which leads to complications that tend to favour White and}) (12... Bd7 {have been more frequently seen in practice.}) 13. e4 {By the way, if White had developed the bishop on e3, he would have had to retreat with his queen (most likely to d2), allowing Black to complete his development in a very comfortable way with 13...d7.} Bd7 14. h3 {This prophyactical move, depriving the enemy knight from the g4-square, does not prepare e3 as it could seem at first glance (and which would be slightly inconsequent) but the advance of the b-pawn to b4, in order to keep Black's queen side initiative under control. White has no reasonable ways to prevent ...b5, so that he has to learn to live with it. In practice several other moves have been tried, without too much success.} (14. Be3 $6 b5 15. cxb5 axb5 {faces White with the unpleasant threat ...b4.} 16. Ba7 {Aiming to solve the problems by tactical means, but this only helps Black develop his initiative.} ({The usefullness of the move h3 can be seen after} 16. b4 Ng4 {followed by ...e5-c4.}) 16... b4 $1 17. Bxb8 bxc3 18. Ba7 cxb2 $17 {0-1 Lengyel,L-Geller,E/Beverwijk 1965/MCD (26)}) ({Playing for the better development with} 14. Rfd1 b5 15. c5 b4 16. Nb1 {as happened in the game 1-0 Zheliandinov,V-Pribyl,J/Prague 1966/EXT 99, should fail because White's position contains too many weaknesses already. Khalifman recommends} dxc5 $1 17. Rxc5 Ba4 18. Qxd8 Rfxd8 19. Rdc1 Nd7 $13) ({The physical prevention of ...b5 with} 14. a4 {has the significant drawback that it weakens the b4-square.} Ng4 {Black probably intended to outplay his less experienced and lower rated opponent in a position with flexible structure, but this could have led to trouble.} ({The standard reaction is} 14... a5 15. h3 Bc6 {[%cal Yf6d7,Yd7c5]}) 15. b3 Ne5 16. Qe2 Bc6 17. b4 b6 18. Rfe1 e6 {½-½ Petrosian,A (2320)-Vasiukov,E (2560)/Riga 1975/MCD. and now White could have obtained an advantage with} 19. f4 Nd7 20. Qd3 Qc7 (20... Qe7 21. e5 Bxg2 22. exd6 $16) 21. Nb5 $1 axb5 22. cxb5 Bxe4 23. Bxe4 Qa7 24. Bc6 $16) ({One month later, Carlsen managed to defend Black's point of view against a legendary opponent. In that game, White avoided to weaken his position in any way, but completely failed to put Black under pressure.} 14. b3 b5 15. Rfd1 bxc4 16. Qxc4 Qb6 17. h3 Rfc8 18. Qe2 h5 19. Be3 Qa5 20. Qd2 Kf8 21. Ne2 Qxd2 22. Bxd2 Ke8 23. Rxc8+ Rxc8 24. Rc1 Rxc1+ 25. Bxc1 Bb5 26. Nc3 Bd3 27. Bd2 Kd7 28. f3 Ne8 29. Bf1 Bxf1 {½-½ Andersson,U (2542)-Carlsen,M (2675)/Amsterdam NED 2006/TWIC 617}) 14... b5 15. cxb5 axb5 16. b4 {The critical moment of the opening. White has managed to stop Black's first wave of counterplay. The b5-pawn is submitted to strong pressure, while Black's minor pieces are considerably restricted in their actions. However, it can be foreseeen that if Black will be able to regroup in a favourable way, the weaknesses in White's camp (c4, d3, d4) might tell. We can state that the position is strategically unbalanced.} Qe8 $5 $146 {This slightly unnatural move, typical for the Dutch Defence rather than for the English-Maroczy, has the very concrete purpose of over-defending the b5-pawn in order to enable the maneouvre ...e6 followed by ...d7-e5. In the games played so far, Black has generally abandoned the pawn for the sake of obtaining dynamic compensation.} (16... Ra8 17. Nxb5 Rxa2 18. Nc3 Ra8 19. b5 {This unnecesarily gives up the control of the a5-square.} (19. Ra1 $5 $14) 19... Ra3 20. Ra1 Qa5 21. Rxa3 Qxa3 22. b6 Rb8 23. Qe3 Qa6 24. Rb1 Be6 25. Bf1 Qb7 26. Rb5 Bd7 27. Rb3 Bc6 28. Bg2 Nd7 {Black has safely blocked the enemy pawn and has nothing to fear. In fact, in the game ½-½ Smyslov,V-Geller,E/Moscow 1965/Candidates (79) White eventually lost the pawn and had to fight hard for a draw.}) ({The spectacular} 16... Be6 {was successfull in a corespondence game, but does not look entirely sound.} 17. Nxb5 Qd7 18. a4 Bxh3 19. Rc7 Bxg2 (19... Qg4 20. Rxe7 $16) (19... Qe6 20. Nd4 Qg4 21. Bf3 $18 {[%csl Yg4]}) 20. Rxd7 ({In case of the simple} 20. Kxg2 Qe6 21. Re1 {Black would still need to prove that his counterplay against the slightly weakened white king side offers adequate compensation for the queen side passed pawns.}) 20... Bxf1 21. Qxf1 Nxd7 22. a5 ({Simpler is} 22. Na7 Ra8 23. Nc6 $16) 22... Ne5 23. Kg2 Rfc8 24. a6 Nc4 25. a7 Nxd2 26. axb8=Q Rxb8 27. Qd3 Nxe4 28. Qxe4 Rxb5 29. Qc4 Rb6 30. b5 Bd4 $5 $11 31. Qxd4 Rxb5 {Black's fortress is impossible to break. In fact, the position would be drawn even if Black would miss one of the h- or d-pawns, something Fritz would never believe, though.} 32. f4 Rc5 33. g4 f6 34. Kg3 Kf7 {[%emt 0:00:01] ½-½ Meissner,P-Handke,M/DDR corr 1982/Corr Nr.}) 17. Rfe1 $146 ({RR} 17. Bg5 Be6 18. Nd5 Bxd5 19. exd5 h6 20. Be3 Nd7 21. f4 Nb6 22. Rc6 Nc4 23. Bc1 Ra8 24. a3 Qd7 25. Kh2 Qa7 26. Re1 Bf6 27. Re2 Qb7 28. Rc2 Ra4 29. R2xc4 bxc4 30. Qxc4 Rfa8 31. Rc7 Qb6 {Knott,S (2332)-Bremner,A (2195) Hastings 2012 ½-½ (42)}) 17... Be6 18. Nd5 {There was no hurry to jump with the knight to d5 so soon, because the threat ...c4 is not so strong. In fact, the bishop could be slightly exposed on that square, in view of the possibility of a further a4.} (18. Bg5 $5 Bc4 19. Qd2 Nd7 20. Nd5 f6 (20... Bxd5 21. exd5 $16 {[%csl Yc6,Ye7]}) 21. Be3 Ne5 22. Red1 $14 f5 23. f4 Nd3 24. Rc3 $1 Bxc3 25. Qxc3 $16) 18... Nd7 (18... Bxd5 {would be premature because after} 19. exd5 {[%csl Yc6] White would get an excellent outpost for his rooks on c6.}) 19. f4 {This is a double edged decision. If White will not manage to break the position with a further e5, the advance of the pawn to f4 would count only as a weakening move.} (19. Qe2 $5) 19... Nb6 20. Bc3 $6 {But this is innacurate already. After having weakened so many dark squares in his position, White should have avoided the exchange of the dark squared bishops, especially that there was nothing to fear along the a1-h8 diagonal.} (20. Nc7 $5 Qd7 21. Nxe6 fxe6 22. e5 $36) 20... Bxc3 21. Qxc3 Bxd5 $1 {Now, only the negative aspects of the move f4 will be revealed.} 22. exd5 Rb7 $13 {White has a slightly more active position, but his structure contains more weaknesses than his opponent's. Chances are about equal in a rather complicated position.} 23. Rc2 Qa8 24. Rce2 Rc8 25. Qf3 Nc4 26. h4 Qa7+ 27. Kh1 Re8 28. h5 Qd4 29. Re4 Qf6 30. Qe2 Ra7 31. h6 Kf8 32. Bh3 Ra3 33. Qh2 Nb6 34. Bf1 Nxd5 35. Bxb5 Rc8 36. Bc4 Qf5 37. Bb3 e6 38. Kg1 Rc3 39. Qh4 Nf6 40. R4e3 Rxe3 41. Rxe3 Ra8 42. Re2 Qb1+ 43. Kg2 Qd3 44. Rxe6 Nd5 45. Re1 Ne3+ 46. Rxe3 Qxe3 47. Qf6 Qe2+ 48. Kg1 Qe1+ 49. Kg2 Qe2+ 1/2-1/2

[Event "Amsterdam NH Hotels 1st"]
[Site "Amsterdam"]
[Date "2006.08.29"]
[Round "10"]
[White "Andersson, Ulf"]
[Black "Carlsen, Magnus"]
[Result "1/2-1/2"]
[WhiteElo "2542"]
[BlackElo "2675"]
[PlyCount "58"]
[EventDate "2006.08.19"]
[EventType "schev"]
[EventRounds "10"]
[EventCountry "NED"]
[SourceTitle "CBM 114"]
[Source "ChessBase"]
[SourceDate "2006.10.02"]
[SourceVersion "1"]
[SourceVersionDate "2006.10.02"]
[SourceQuality "1"]

1. Nf3 Nf6 2. c4 c5 3. g3 Nc6 4. Bg2 g6 5. O-O Bg7 6. d4 cxd4 7. Nxd4 O-O 8. Nc3 Nxd4 9. Qxd4 d6 10. Qd3 a6 11. Bd2 Rb8 12. Rac1 Bf5 13. e4 Bd7 14. b3 b5 15. Rfd1 bxc4 16. Qxc4 Qb6 17. h3 $146 ({RR} 17. Be3 Qa5 18. Qe2 Bg4 19. f3 Be6 20. Bf1 Nd7 21. Nd5 Bxd5 22. Rxd5 Qa3 23. Qxa6 Qxa6 24. Bxa6 Ra8 25. Bb5 Ne5 26. a4 Nxf3+ 27. Kg2 Ne5 28. Rc7 Ng4 29. Bb6 e6 30. Rd2 Be5 31. Ra7 Rxa7 {Obert,G (1993)-Tondera,B (1836) Hannover 2014 1-0 (42)}) 17... Rfc8 18. Qe2 h5 19. Be3 Qa5 20. Qd2 Kf8 21. Ne2 Qxd2 22. Bxd2 Ke8 23. Rxc8+ Rxc8 24. Rc1 Rxc1+ 25. Bxc1 Bb5 26. Nc3 Bd3 27. Bd2 Kd7 28. f3 Ne8 29. Bf1 Bxf1 1/2-1/2